| 000 | 01613cam a2200385 i 4500 | ||
|---|---|---|---|
| 001 | 50760 | ||
| 003 | Mx-PuUPA | ||
| 005 | 20221117141652.0 | ||
| 008 | 140415s2003 mx ah gr 000 0 spa d | ||
| 020 | _a9681652495 | ||
| 040 |
_aMX-PuUPA _bspa _erda _cMx-PuUPA _dMx-PuUPA |
||
| 041 | 1 |
_aspa _alat |
|
| 100 | 1 |
_aValadés, Diego, _cFray, _d1533-1582, _eautor _96458 |
|
| 240 | 1 | 0 |
_aRhetorica christiana. _lEspañol |
| 245 | 1 | 0 |
_aRetórica cristiana / _cFray Diego Valadés ; introducción de Esteban J. Palomera ; advertencia de Alfonso Castro Pallares ; preámbulo y traducción de Tarsicio Herrera Zapién |
| 250 | _aSegunda edición | ||
| 264 | 1 |
_aMéxico, D.F. : _bFondo de Cultura Económica, _c2003 |
|
| 300 |
_alxv, 834 páginas, 1 hoja plegada sin numerar : _bilustraciones, facsímiles ; _c29 cm. |
||
| 336 |
_atexto _2rdacontent _btxt |
||
| 337 |
_asin medio _2rdamedia _bn |
||
| 338 |
_avolumen _2rdacarrier _bnc |
||
| 490 | 1 | _aBiblioteca americana (Fondo de Cultura Económica (México) | |
| 546 | _aTexto en latín y español. | ||
| 650 | 7 |
_aPredicación _2armarc |
|
| 650 | 4 |
_aRetórica _2armarc |
|
| 700 | 1 |
_aPalomera, Esteban J., _eautor de introducción |
|
| 700 | 1 |
_aCastro Pallares, Alfonso, _eautor de advertencia |
|
| 700 | 1 |
_aHerrera Zapién, Tarsicio, _eautor de preámbulo _etraductor |
|
| 700 | 1 |
_iTraducción de: _aValadés, Diego, _cFray, _d1533-1582. _tRhetorica christiana. |
|
| 830 | 0 |
_911751 _aBiblioteca americana (Fondo de Cultura Económica (México)) |
|
| 942 |
_2ddc _cLI _h251 _iV135 |
||
| 999 |
_c50760 _d50760 |
||